[Event "Let's Play Chess!"]
[Site "http://www.queenalice.com/game.php?id=1032165"]
[Date "2012.2.22"]
[Round "-"]
[White "arkadiusz42"]
[Black "gioci"]
[Result "0-1"]
[WhiteElo "1545"]
[BlackElo "1872"]

1. e4 Nf6 2. e5 Nd5 3. Bc4 Nb6 4. Bb3 Nc6 5. d4 d6 6. Qf3 Nxd4 7. Bxf7+ Kd7 8.
Qg4+ e6 9. Bg5 Be7 10. Qxd4 Bxg5 11. Nf3 Bh6 12. O-O Qf8 13. Bh5 d5 14. Rd1 c6
15. b3 Kc7 16. c4 Bd7 17. c5 Nc8 18. Rd3 Ne7 19. g4 g6 20. g5 gxh5 21. gxh6 Qxh6
22. Nbd2 Qg6+ 23. Kf1 Raf8 24. Qc3 Rhg8 25. Ke2 Be8 26. Qa5+ Kb8 27. b4 Bd7 28.
Rg1 Qf5 29. Nh4 Qxf2+ 30. Kd1 Rxg1+ 31. Kc2 Qxh4 32. Ra3 a6 33. Rf3 Nf5 34. Qa3
Nd4+ 35. Kb2 Nxf3 36. Nxf3 Qf2+ 37. Nd2 Qxd2+ 38. Kb3 Rf3+ 39. Ka4 Rxa3+ 40.
Kxa3 Rb1 41. h4 Qxb4# 0-1

[Event "Let's Play Chess!"]
[Site "http://www.queenalice.com/game.php?id=1032222"]
[Date "2012.2.22"]
[Round "-"]
[White "arkadiusz42"]
[Black "artkrup"]
[Result "1-0"]
[WhiteElo "1493"]
[BlackElo "1663"]

1. e4 e6 2. d4 b6 3. a3 Bb7 4. Bd3 g6 5. Nf3 Bg7 6. Bg5 f6 7. Bh4 g5 8. Bg3 Nc6
9. O-O Qe7 10. Bxc7 d6 11. e5 fxe5 12. dxe5 Qxc7 13. Nxg5 Qe7 14. Qh5+ Kf8 15.
Nxh7+ Rxh7 16. Bxh7 Nxe5 17. Bxg8 Kxg8 18. f4 Nf7 19. c3 e5 20. Re1 e4 21. Nd2
d5 22. c4 Qc5+ 23. Kh1 Rd8 24. Nb3 dxc4 25. Nxc5 bxc5 26. Qxc5 Bd4 27. Qxc4 Bxb2
28. Rab1 Bd5 29. Qc7 Bxa3 30. Qxa7 Rd6 31. Qxa3 1-0

[Event "Chess"]
[Site "http://www.queenalice.com/game.php?id=1036075"]
[Date "2012.3.5"]
[Round "-"]
[White "arkadiusz42"]
[Black "Conde7"]
[Result "0-1"]
[WhiteElo "1495"]
[BlackElo "2690"]

1. e4 c5 2. c4 Nc6 3. Ne2 Nf6 4. Nbc3 e5 5. d3 Be7 6. h3 O-O 7. g3 d6 8. Bg2 Rb8
9. O-O a6 10. a4 Bd7 11. f4 b6 12. Bd2 Qc7 13. g4 Qd8 14. Ng3 Ne8 15. Be3 exf4
16. Bxf4 Bg5 17. Bxg5 Qxg5 18. Nd5 g6 19. Ra3 b5 20. Rb3 Nd4 21. Ra3 bxc4 22. a5
cxd3 23. Rf2 Bb5 24. Qf1 h5 25. Nf6+ Nxf6 26. Rxf6 Ne2+ 27. Kh2 Qe5 28. Rf3 Nxg3
29. Rxg3 h4 30. Ra2 d2 31. Qd1 Qxg3+ 32. Kh1 Qe1+ 33. Qxe1 dxe1=Q+ 34. Kh2 Bc4
35. Ra3 Rxb2 36. Rc3 Qxc3 0-1

[Event "How to become a master?"]
[Site "http://www.queenalice.com/game.php?id=1036176"]
[Date "2012.3.5"]
[Round "-"]
[White "arkadiusz42"]
[Black "Elafsson"]
[Result "0-1"]
[WhiteElo "1508"]
[BlackElo "2114"]

1. e4 e5 2. Nf3 Nc6 3. c3 Nf6 4. d4 exd4 5. Nxd4 d6 6. Bf4 Nxe4 7. Bc4 Be7 8. h4
d5 9. Bb3 Bxh4 10. g3 Bf6 11. Na3 O-O 12. Qh5 h6 13. Nab5 Re8 14. Kf1 Re7 15. c4
Nxd4 16. Nxc7 Rxc7 17. Rd1 dxc4 18. Bxh6 cxb3 19. Bf4 g6 20. Qh7+ Kf8 21. Bxc7
Qxc7 22. a3 Bg4 23. Re1 Qc4+ 24. Kg1 Nf3+ 25. Kg2 Qc2 26. Qh6+ Bg7 27. Qf4 Qxf2#
0-1

[Event "Let's Play Chess!"]
[Site "http://www.queenalice.com/game.php?id=1039001"]
[Date "2012.3.15"]
[Round "-"]
[White "arkadiusz42"]
[Black "plot24"]
[Result "0-1"]
[WhiteElo "1512"]
[BlackElo "1855"]

1. g4 Nc6 2. Bg2 d5 3. Nc3 d4 4. Nd5 Bxg4 5. h3 Bf5 6. e4 dxe3 7. dxe3 e6 8. Nc3
Qxd1+ 9. Kxd1 Bb4 10. Bd2 Nge7 11. Nb5 O-O-O 12. c3 Ba5 13. b4 Bb6 14. e4 Bg6
15. h4 h6 16. h5 Bh7 17. Nh3 Ne5 18. Nf4 Bxf2 19. a4 Nc4 20. Nd3 Rxd3 21. Ra2
Rhd8 22. Ke2 Rxd2+ 23. Rxd2 Rxd2+ 24. Kf3 a6 25. Nd4 Bxd4 26. Bf1 Bxc3 27. Bxc4
Bxb4 28. Rg1 g6 29. hxg6 Bxg6 30. Rb1 a5 31. Ke3 Nc6 32. Rh1 h5 33. Be2 Nd4 34.
Rd1 Nc2+ 35. Kf2 Bxe4 36. Rxd2 Bxd2 37. Bxh5 f6 38. Bg4 f5 39. Bxf5 Bxf5 40. Ke2
Bb4 41. Kd1 e5 42. Ke2 c5 43. Kd1 e4 44. Ke2 Na3 45. Kd1 Bg4+ 46. Kc1 e3 47. Kb2
e2 48. Ka2 e1=Q 49. Kb2 Qb1# 0-1

[Event "Let's Play Chess!"]
[Site "http://www.queenalice.com/game.php?id=1043486"]
[Date "2012.3.28"]
[Round "-"]
[White "rrainey22"]
[Black "arkadiusz42"]
[Result "0-1"]
[WhiteElo "1635"]
[BlackElo "1510"]

1. d4 d5 2. Nc3 e6 3. e4 c5 4. Nf3 f6 5. Be3 Nc6 6. Bb5 Bd7 7. Bxc6 bxc6 8. exd5
c4 9. dxc6 Bxc6 10. O-O Bd6 11. Qe2 Qb6 12. d5 Qxb2 13. dxc6 Qxc3 14. Bd4 Qb4
15. Qxe6+ Be7 16. c7 Rc8 17. Qxc8+ Kf7 18. Qa8 Nh6 19. Qxh8 Nf5 20. c8=Q Nh6 0-1

[Event "Let's Play Chess!"]
[Site "http://www.queenalice.com/game.php?id=1043526"]
[Date "2012.3.28"]
[Round "-"]
[White "arkadiusz42"]
[Black "Abstro"]
[Result "0-1"]
[WhiteElo "1514"]
[BlackElo "1913"]

1. e4 e5 2. Nf3 Nc6 3. c3 d5 4. Bd3 Bc5 5. b4 Bb6 6. b5 Nce7 7. Nxe5 dxe4 8.
Bxe4 Nf6 9. Qb3 Be6 10. Qc2 Bd5 11. Bd3 Qd6 12. Ba3 Qxe5+ 13. Kd1 Ng4 14. Rf1
Bxg2 15. Re1 Nxf2+ 16. Kc1 Qxe1+ 17. Kb2 Nxd3+ 18. Qxd3 Rd8 19. Qg3 Qe2 20. Qh4
Qxb5+ 21. Bb4 c5 22. Qg4 cxb4 23. cxb4 Bd4+ 24. Kc1 Qf1+ 25. Kc2 Bxa1 26. b5
Qd3+ 27. Kc1 Be4 28. Qd1 Qxb1# 0-1

[Event "Challenge"]
[Site "http://www.queenalice.com/game.php?id=1043673"]
[Date "2012.3.28"]
[Round "-"]
[White "arkadiusz42"]
[Black "Horse"]
[Result "1-0"]
[WhiteElo "1517"]
[BlackElo "1572"]

1. e4 e5 2. Qh5 Nc6 3. Bc4 g6 4. Qf3 Nf6 5. d3 Nd4 6. Qd1 b5 7. c3 bxc4 8. cxd4
Ba6 9. dxe5 Ng4 10. Qxg4 Qe7 11. d4 Qd8 12. Bg5 Qb8 13. Qe2 Qb4+ 14. Kf1 Be7 15.
a3 Qb3 16. Bxe7 Kxe7 17. Nf3 h6 18. d5 Bb7 19. Nd4 Qb6 20. b4 Qxd4 21. d6+ cxd6
22. exd6+ Kxd6 23. e5+ Kc7 24. Ra2 Bc6 25. Rd2 Qa1 26. Rd1 c3 27. Qc2 Rab8 28.
h4 Rhe8 29. Re1 Kd8 30. Rh3 Bd5 31. Rxc3 Ba2 32. Nd2 Bb1 33. Nxb1 g5 34. Nd2
Qxe1+ 35. Kxe1 Rxe5+ 36. Kf1 gxh4 37. Qh7 Ke7 38. Rf3 Rf8 39. Qxh6 Rc8 40. Qxh4+
f6 41. Qxf6+ Ke8 42. Qf8# 1-0

[Event "Challenge"]
[Site "http://www.queenalice.com/game.php?id=1046127"]
[Date "2012.4.5"]
[Round "-"]
[White "arkadiusz42"]
[Black "Jorgecas"]
[Result "0-1"]
[WhiteElo "1578"]
[BlackElo "1531"]

1. e4 e5 2. d3 Qf6 3. Nc3 Bb4 4. Bd2 Bxc3 5. Bxc3 d6 6. h3 a5 7. a4 h5 8. Qd2 g5
9. f3 Nc6 10. Ne2 Nge7 11. g4 hxg4 12. fxg4 Ng6 13. b4 Bxg4 14. O-O-O axb4 15.
Bxb4 Nf4 16. Nxf4 Bxd1 17. Nd5 Qd8 18. Kxd1 Rxa4 19. Ke2 g4 20. Qe3 Nxb4 21.
Nxb4 Rxb4 22. Bg2 Rb2 23. Rc1 gxh3 24. Bh1 Qa8 25. Qg3 Qa2 26. Kd2 Ke7 27. Qg5+
Kd7 28. Qf5+ Ke7 29. Qg5+ Kd7 30. Qe3 Qa5+ 31. Ke2 Qc3 32. Qd2 Qd4 33. Rf1 Ke7
34. Qg5+ Kd7 35. Qf5+ Kc6 36. Kd2 Qb4+ 37. Ke3 Rxc2 38. Rf2 Qd4+ 39. Kf3 Rxf2+
40. Kg4 Rxf5 41. Kxf5 Qxd3 42. Kf6 Qf1+ 43. Ke7 Qxh1 44. Kf6 Qxe4 45. Ke7 h2 46.
Kf6 Qg6+ 47. Ke7 Qe6# 0-1

[Event "Let's Play Chess!"]
[Site "http://www.queenalice.com/game.php?id=1046892"]
[Date "2012.4.8"]
[Round "-"]
[White "vincentlennon"]
[Black "arkadiusz42"]
[Result "0-1"]
[WhiteElo "1961"]
[BlackElo "1535"]

1. e4 e5 2. f4 Qe7 3. Nf3 d6 4. Bc4 h6 5. Nc3 c6 6. a4 g5 7. fxe5 g4 8. exd6
Qxd6 9. e5 Qg6 10. Nd4 c5 11. Ndb5 Na6 12. O-O b6 13. Bxf7+ Qxf7 14. Rxf7 Kxf7
15. Qf1+ Kg7 16. Ne4 Be7 17. Nbd6 Be6 18. Qxa6 h5 19. d3 Bd5 20. Bg5 Bxe4 21.
Bxe7 Nxe7 22. Nxe4 Nd5 23. Qb7+ Kg6 24. Qxd5 Rhe8 0-1

[Event "Let's Play Chess!"]
[Site "http://www.queenalice.com/game.php?id=1049861"]
[Date "2012.4.17"]
[Round "-"]
[White "fortunato"]
[Black "arkadiusz42"]
[Result "1-0"]
[WhiteElo "2281"]
[BlackElo "1580"]

1. e4 e5 2. Nf3 f6 3. Bc4 Ne7 4. d4 Nbc6 5. dxe5 fxe5 6. Ng5 d5 7. exd5 h6 8.
Nf7 Kxf7 9. dxc6+ Ke8 10. Bf7+ Kxf7 11. Qxd8 bxc6 12. Qxc7 g6 13. O-O Bf5 14. c3
Bg7 15. Rd1 Rhc8 16. Qa5 Rcb8 17. Na3 Rb6 18. Nc4 Rb5 19. Nd6+ Kg8 20. Nxb5 cxb5
21. Qxb5 Kh7 22. Qb7 Rc8 23. Qxe7 Rf8 24. Bxh6 Kxh6 25. Qh4# 1-0

[Event "Let's Play Chess!"]
[Site "http://www.queenalice.com/game.php?id=1052279"]
[Date "2012.4.25"]
[Round "-"]
[White "charles31"]
[Black "arkadiusz42"]
[Result "1-0"]
[WhiteElo "1776"]
[BlackElo "1560"]

1. Nc3 e5 2. e4 d6 3. h3 b6 4. Nf3 f6 5. Bb5+ c6 6. Ba4 b5 7. Bb3 b4 8. Ne2 Ne7
9. d4 Bb7 10. d5 c5 11. Ba4+ Nd7 12. b3 Qc7 13. Nh4 g5 14. Nf5 Nxf5 15. exf5 Ba6
16. g3 h5 17. f3 Bxe2 18. Qxe2 h4 19. g4 Rh7 20. a3 Rb8 21. axb4 Rxb4 22. c3 Rb6
23. Be3 a5 24. Kf2 Re7 25. Rhb1 Qb7 26. Qd2 e4 27. fxe4 Rxe4 28. Re1 Re5 29. Bc6
Qa6 30. c4 Rxb3 31. Rxa5 Qb6 32. Ra8+ Kf7 33. Bxd7 Rb2 34. Be6+ Kg7 35. Ra7+ Kh6
36. Qxb2 Qxb2+ 37. Re2 1-0

[Event "Let's Play Chess!"]
[Site "http://www.queenalice.com/game.php?id=1056041"]
[Date "2012.5.4"]
[Round "-"]
[White "mike52"]
[Black "arkadiusz42"]
[Result "1-0"]
[WhiteElo "1498"]
[BlackElo "1553"]

1. b4 Nc6 2. b5 Na5 3. a4 a6 4. bxa6 Rxa6 5. e4 Re6 6. d3 d5 7. f3 f5 8. Be2
dxe4 9. d4 exf3 10. Nxf3 Rg6 11. Bd2 b6 12. g3 Bb7 13. O-O h5 14. Ne5 Rd6 15.
Rxf5 Be4 16. Rf4 Bd5 17. Bxa5 bxa5 18. Bf3 e6 19. Nf7 Qe7 20. Bxd5 Rxd5 21. Nxh8
Qg5 22. Qf1 Bd6 23. Nf7 Qg6 24. Nxd6+ Kd7 25. Nf7 Qxc2 26. Ne5+ Kc8 27. Rf8+ Rd8
28. Rxd8+ Kxd8 29. Qf8# 1-0

[Event "Let's Play Chess!"]
[Site "http://www.queenalice.com/game.php?id=1064906"]
[Date "2012.5.27"]
[Round "-"]
[White "Andy"]
[Black "arkadiusz42"]
[Result "1-0"]
[WhiteElo "1620"]
[BlackElo "1542"]

1. c4 d5 2. e3 d4 3. exd4 Qxd4 4. Nf3 Qe4+ 5. Qe2 Qc2 6. Qd1 Qe4+ 7. Qe2 Bf5 8.
Qxe4 Bxe4 9. Be2 Na6 10. Na3 O-O-O 11. O-O h5 12. Rd1 Rh6 13. d3 Rhd6 14. Bf4
Rf6 15. Bg5 Rxf3 16. gxf3 Bf5 17. Be3 g6 18. Nc2 e5 19. Bg5 f6 20. Be3 b6 21. a3
g5 22. b4 Nb8 23. Rac1 Nc6 24. d4 e4 25. fxe4 Bxe4 26. Bxh5 Nh6 27. Be2 Bd6 28.
c5 bxc5 29. dxc5 1-0

[Event "challenge"]
[Site "http://www.queenalice.com/game.php?id=1067547"]
[Date "2012.6.3"]
[Round "-"]
[White "arkadiusz42"]
[Black "skorpion"]
[Result "0-1"]
[WhiteElo "1529"]
[BlackElo "2805"]

1. e4 d6 2. d4 Nf6 3. Nc3 g6 4. Bc4 Bg7 5. Bg5 O-O 6. Bxf6 exf6 7. Nf3 f5 8. O-O
fxe4 9. Nxe4 d5 10. Bxd5 Qxd5 11. Re1 Bf5 12. Nc3 Qc4 13. Qd2 Nc6 14. b3 Qb4 15.
a3 Qd6 16. Nb5 Qd7 17. Rad1 Bg4 18. d5 Bxf3 19. gxf3 Ne5 20. Qe2 Qh3 21. Rf1
Nxf3+ 22. Qxf3 Qxf3 23. Nxc7 Be5 24. Rfe1 Rae8 25. Nxe8 Rxe8 26. Rd3 Bxh2+ 0-1

[Event "Challenge"]
[Site "http://www.queenalice.com/game.php?id=1086378"]
[Date "2012.7.24"]
[Round "-"]
[White "Jorgecas"]
[Black "arkadiusz42"]
[Result "1-0"]
[WhiteElo "1583"]
[BlackElo "1527"]

1. e4 e5 2. Qf3 Nh6 3. Bc4 d6 4. d3 Bg4 5. Qg3 g5 6. h3 Bh5 7. Bxg5 Qd7 8. Qe3
Rg8 9. g4 Bg6 10. Bxh6 Bxh6 11. Qxh6 Qa4 12. b3 Qb4+ 13. c3 Qb6 14. h4 d5 15.
Bxd5 Nd7 16. h5 Nf6 17. hxg6 Rxg6 18. Qe3 Nxg4 19. Qxb6 Rxb6 20. Rxh7 O-O-O 21.
Rxf7 Rg6 22. Nd2 c6 23. Bxc6 bxc6 24. O-O-O Rxd3 25. Rf8+ 1-0

[Event "Challenge"]
[Site "http://www.queenalice.com/game.php?id=1105498"]
[Date "2012.9.22"]
[Round "-"]
[White "cdare"]
[Black "arkadiusz42"]
[Result "1-0"]
[WhiteElo "1703"]
[BlackElo "1516"]

1. e4 e5 2. Nf3 Qe7 3. Nc3 c6 4. Bc4 b5 5. Bb3 a5 6. a3 a4 7. Ba2 b4 8. axb4
Qxb4 9. Nxe5 f6 10. Qh5+ g6 11. Nxg6 Ra5 12. e5 hxg6 13. Qxh8 Rxe5+ 14. Ne2 d5
15. Kd1 Bg4 16. f3 Be6 17. c3 Qb5 18. Nd4 Qd3 19. Bb1 Qc4 20. d3 Qc5 21. Nxe6
Rxe6 22. Qxg8 Ke7 23. d4 Qc4 24. Re1 Rxe1+ 25. Kxe1 Nd7 26. Qxg6 Qb5 27. Bd3 Qa5
28. Bf4 c5 29. dxc5 Nxc5 30. Kf1 Ne6 31. Re1 a3 32. bxa3 Qxc3 33. a4 Qb4 34. Bg3
Qd4 35. Qf5 Kf7 36. Qxe6+ Kg7 37. Qd7+ Kh6 38. Qh7+ Kg5 39. Qg6# 1-0

[Event "Challenge"]
[Site "http://www.queenalice.com/game.php?id=1105526"]
[Date "2012.9.22"]
[Round "-"]
[White "TIKAR"]
[Black "arkadiusz42"]
[Result "0-1"]
[WhiteElo "1710"]
[BlackElo "1507"]

1. e4 e5 2. Nf3 Nc6 3. Bc4 h6 4. c3 Bc5 5. O-O d6 6. d4 Bb6 7. Qa4 Bd7 8. b4 a6
9. Qb3 d5 10. Bxd5 Be6 11. Bxe6 fxe6 12. Nxe5 Nxe5 13. dxe5 Qe7 14. Ba3 Qf7 15.
Nd2 O-O-O 16. Nc4 Rf8 17. b5 Bxf2+ 18. Rxf2 Qxf2+ 19. Kh1 Qf1+ 20. Rxf1 Rxf1#
0-1

[Event "Challenge"]
[Site "http://www.queenalice.com/game.php?id=1105527"]
[Date "2012.9.22"]
[Round "-"]
[White "arkadiusz42"]
[Black "TIKAR"]
[Result "0-1"]
[WhiteElo "1522"]
[BlackElo "1767"]

1. Nf3 Nc6 2. c3 e5 3. Qc2 d5 4. e4 Nf6 5. Bd3 Bg4 6. Qb3 dxe4 7. Ng5 Qe7 8. Bc4
Be6 9. Qxb7 Rd8 10. Qxc6+ Rd7 11. Qa4 h6 12. Nxe6 fxe6 13. Qxa7 Nd5 14. Bb5 c6
15. Bxc6 Nf4 16. O-O Qd6 17. Qa8+ Kf7 18. Bxd7 Qxd7 19. Qxe4 Qb5 20. c4 Qb4 21.
a3 Qb3 22. Nc3 Bc5 23. Qxe5 Nd3 24. Qc7+ Kg8 25. Nd1 Qxc4 26. b4 Bxf2+ 27. Nxf2
Qxc7 28. Nxd3 Kh7 29. Nf4 Qe5 30. Ra2 Qd4+ 31. Kh1 Rf8 32. d3 e5 33. Bb2 Rxf4
34. Re1 Qxd3 35. Raa1 e4 36. Rad1 Qc2 37. Bc1 Rg4 38. Rd2 Qc6 39. h3 Rg3 40. Bb2
e3 41. Rde2 Qe4 42. Bc1 g5 43. Bxe3 g4 44. Bf2 Qxg2# 0-1

[Event "Challenge"]
[Site "http://www.queenalice.com/game.php?id=1111907"]
[Date "2012.10.13"]
[Round "-"]
[White "agilulfo"]
[Black "arkadiusz42"]
[Result "1-0"]
[WhiteElo "1841"]
[BlackElo "1507"]

1. d4 d5 2. c4 c6 3. Nf3 dxc4 4. e4 Bg4 5. Bxc4 e6 6. O-O h6 7. Nbd2 Bd6 8. e5
Bc7 9. h3 Bh5 10. Re1 b5 11. Bd3 f6 12. exf6 Qxf6 13. b3 Bb6 14. Bb2 Qf7 15. Re3
Nf6 16. Qe1 O-O 17. Rxe6 Re8 18. Rxe8+ Nxe8 19. Qe4 Nd6 20. Qh7+ Kf8 21. Ba3 Qe7
22. Ne4 Bxf3 23. Bxd6 Bxe4 24. Bxe7+ Kxe7 25. Bxe4 Bxd4 26. Re1 Nd7 27. Bxc6+
Kd6 28. Bxa8 Ne5 29. Rd1 Kc5 30. Qe4 Bc3 31. Qd5+ Kb6 32. Qc6+ Nxc6 33. Rd6 Bb4
34. Rxc6+ Ka5 35. Bb7 Ba3 36. Ra6+ Kb4 37. Rxa7 Kc3 38. Rxa3 b4 39. Ra5 Kb2 40.
Re5 Kxa2 41. Bd5 g5 42. Kf1 Kb2 43. Ke1 Kc2 44. Re3 Kc1 45. Be4 h5 46. Bf3 g4
47. hxg4 hxg4 48. Bxg4 Kc2 49. f4 Kc1 50. f5 Kb2 51. f6 Ka3 52. f7 Ka2 53. f8=Q
Kb2 54. Kd1 Kb1 55. Re2 1-0

[Event "Challenge"]
[Site "http://www.queenalice.com/game.php?id=1112125"]
[Date "2012.10.13"]
[Round "-"]
[White "arkadiusz42"]
[Black "cdare"]
[Result "0-1"]
[WhiteElo "1531"]
[BlackElo "1694"]

1. e4 e5 2. d4 exd4 3. Bc4 Nc6 4. Qf3 Nf6 5. Bg5 Be7 6. a3 O-O 7. Nh3 d6 8. Qg3
Nxe4 9. Qf4 Nxg5 10. Nd2 Bxh3 11. gxh3 Nxh3 12. Qg4 Nxf2 13. Kxf2 Bh4+ 14. Ke2
Re8+ 15. Kd3 Ne5+ 16. Kxd4 Nxg4 17. Rag1 Nf2 18. Bb5 c6 19. Bc4 Nxh1 20. Rxh1
Qf6+ 21. Kd3 d5 22. Rf1 Qg6+ 23. Kc3 dxc4 24. b4 b5 25. Rf4 Bg5 26. Rd4 Bf6 27.
Nf3 Bxd4+ 28. Nxd4 Re3+ 29. Kb2 Rd8 30. Nxc6 Qxc6 31. Ka2 Qa6 32. Kb1 Qxa3 0-1